000 00572nam a2200181 a 4500
005 20210219152903.0
008 991125n 000 0 spa u
035 _aUPN01000065395
222 _aCOMUNICACION EDUCATIVA
245 _aAumento en la producción de técnicos : entre las licenciaturas y los niveles tecnológicos
300 _a3
362 _a1981 Año 2, no. 5, mar.
653 0 _aCOLEGIO NACIONAL DE EDUCACION PROFESIONAL TECNICA (MEXICO)
653 0 _aEDUCACION SUPERIOR
653 0 _aEDUCACION TÉCNICA
904 _aAC
_b003206
905 _aArticulo
999 _c63020
_d63020